| 000 | 01822nam a2200373 i 4500 | ||
|---|---|---|---|
| 001 | 148862 | ||
| 003 | ES-MaACL | ||
| 005 | 20260202125641.0 | ||
| 007 | t| | ||
| 008 | 070214s1918 sp |||| |cspa d | ||
| 080 | _a331.109.321(460)"1917" | ||
| 245 | 0 | 4 |
_aLos sucesos de agosto ante el Parlamento : _bdiscursos íntegros de los señores Largo Caballero, Anguiano, Saborit, Prieto, Besteiro, Marcelino Domingo, Eduardo Barriobero, etc. / _cbiografías de los mencionados oradores por Torralva Becci ; interesantísimas notas explicativas por Augusto Vivero ; copiosa colección de documentos referentes a las juntas de defensa, a la Asamblea de Parlamentarios y a la huelga ; prólogo del Doctor Simarro. |
| 260 |
_aMadrid : _b[s. n.], _c1918 ( _fTip. Artística) |
||
| 300 |
_aXVI, 382 p. ; _c19 cm. |
||
| 530 | _aDisponible en formato digital. | ||
| 650 | 4 |
_aHuelga general, España, 1917. _9158622 |
|
| 650 | 4 |
_aPolíticos- _zEspaña- _xBiografías. _9136753 |
|
| 651 | 0 |
_aEspaña- _xPolítica y gobierno- _y1902-1931 _9226938 |
|
| 651 | 4 |
_aEspaña- _xHistoria- _y1902-1931, Alfonso XIII _98276 |
|
| 700 | 1 |
_aLargo Caballero, Francisco, _d1869-1946 _9234653 |
|
| 700 | 1 |
_aAnguiano, Daniel. _9158623 |
|
| 700 | 1 |
_aSaborit, Andrés. _9101211 |
|
| 700 | 1 |
_aPrieto, Indalecio, _d1883-1962 _993889 |
|
| 700 | 1 |
_aBesteiro, Julián, _d1870-1940 _928619 |
|
| 700 | 1 |
_aDomingo, Marcelino, _d1884-1939 _945120 |
|
| 700 | 1 |
_aBarriobero y Herrán, Eduardo, _d1875-1939 _926012 |
|
| 700 | 1 |
_aTorralva Beci, E ( _d1881-1929) _9158621 |
|
| 700 | 1 |
_aVivero, Augusto. _9115564 |
|
| 700 | 1 |
_aSimarro Lacabra, Luis, _d1851-1921 _9106463 |
|
| 852 | 4 |
_aES-MaACL _jF-12406 _cSPP2 |
|
| 856 | 4 |
_uhttp://bdh-rd.bne.es/viewer.vm?id=0000234792&page=1 _yBiblioteca Digital Hispánica |
|
| 942 | _2udc | ||
| 999 |
_c148862 _d148862 |
||